| 000 | 00904cam a2200205 4500 | ||
|---|---|---|---|
| 001 | L136331 | ||
| 008 | 070125n2006 000 0 eng u | ||
| 035 | _a(Sirsi) u136331 | ||
| 041 | 0 | _aeng | |
| 050 | 0 | 4 | _a333.337016 $2 18 |
| 110 | 2 |
_aEC Harris _94930 |
|
| 245 | 0 | 0 |
_aEuropean focus _bshopping mall developments _h[electronic resource] |
| 260 |
_aLondon _bEC Harris _c2006 |
||
| 520 | _aFocuses on construction activity across Europe. Considers the changing concept and design of shopping centres in meeting consumer requirements. Discusses Eastern European construction costs and urban integration as compared to Western European markets. | ||
| 590 | _aKA | ||
| 651 | 4 | _aEUROPEAN UNION | |
| 690 | _aPROPERTY-COMMERCIAL PROPERTY-RETAIL PROPERTY-SHOPPING CENTRE, MALL AND ARCADE PROPERTY | ||
| 856 | 4 | 0 |
_uhttps://www.echarris.com/ _zView the item free of charge at www.echarris.com... |
| 942 | _n0 | ||
| 999 |
_c106361 _d106361 |
||